| 000 | 01144nam a22003137a 4500 | ||
|---|---|---|---|
| 001 | 000639 | ||
| 003 | DO-SdBPM | ||
| 005 | 20250321130839.0 | ||
| 007 | 000639 | ||
| 008 | 161104b2009 uy a|| 00| 0 spa d | ||
| 020 | _a9789707704824 | ||
| 040 |
_aDO-SdBPM _bspa _cBPMSU |
||
| 082 | 4 |
_a863.6 _bA454h 2009 _222 |
|
| 092 | _e | ||
| 100 | 1 |
_aAlonso, Fernando, _d1941- |
|
| 245 | 1 | 3 |
_aEl hombrecito vestido de gris y otros cuentos / _cFernando Alonso ; ilustraciones de Ulises Wensell. |
| 250 | _a | ||
| 260 |
_aUruguay : _bAlfaguara, _c2009. |
||
| 300 |
_a93 p. : _bil. ; _c19 cm. |
||
| 490 | 0 | _aAlfaguara infantil | |
| 500 | _a | ||
| 500 | _aTercera reimpresión: marzo de 2009. | ||
| 505 |
_tEl hombrecito vestido de gris -- _tEl barco de plomo -- _tLos árboles de piedra -- _tEl viejo reloj -- _tEl barco en la botella -- _tEl guardián de la torre -- _tEl espantápajaros y el bailarín -- _tLa pajarita de papel. |
||
| 590 | _aInventariado, 2025/VM | ||
| 650 | _aCuentos juveniles españoles | ||
| 700 | 1 |
_aWensell, Ulises, _d1945- _eilustración |
|
| 910 | _aLOPEREZ/ VMateo V. Control de caldiad. BPMSU | ||
| 942 |
_2ddc _cBK |
||
| 999 |
_c11777 _d11777 |
||